00673nam a22001937a 4500999001900000005001700019010001500036020003100051035001400082037000900096082000800105100001700113245005300130260004200183270007700225300002200302942002200324952013300346 c184015d18401520220110160428.0 aENG-131062 a978-93-52-534-890c1205.00 aEN-114594 bDBAD a540 aMaidan, R.D. aISC CHEMISTRY:cR.D. Madan, B.S. BishtbBook II/ aNew DelhibS Chand School Booksc2013 bNew DelhiaA-27, 2nd Floor, Mohan Co-operative Industrial Estatee110044 a1868p.c24cm(pbk) 2ddccENh540mMAD 001040708NFICaLbLd2022-01-10eDBAD/PUBg1205.00l3m2o540 MADpEN-114594r2022-11-04 00:00:00s2022-09-07t1v1205.00yEN